Famous Movies Of All Time by Posters Without The Title - Statistics

General Stats
  • This quiz has been taken 156 times
  • The average score is 7 of 10
Answer Stats
Picture Answer % Correct
Avatar
100%
Barbie
100%
Dead Poets Society
100%
Dirty Dancing
100%
E.T. the Extra-Terrestrial
100%
Forrest Gump
100%
Gladiator
100%
Inception
100%
Interstellar
100%
Jaws
100%
Joker
100%
Jurassic Park
100%
Kill Bill
100%
La La Land
100%
Oppenheimer
100%
Pirates of the Caribbean: The Curse of the Black Pearl
100%
Saving Private Ryan
100%
Scarface
100%
Shrek
100%
Taxi Driver
100%
Terminator 2: Judgment Day
100%
The Boy In The Striped Pajamas
100%
The Dark Knight
100%
The Devil Wears Prada
100%
The Godfather
100%
The Lion King
100%
The Lord of the Rings
100%
The Shining
100%
The Silence Of The Lambs
100%
The Wolf Of Wall Street
100%
Up
100%
Parasite
93%
Pulp Fiction
92%
The Wizard of Oz
92%
Django Unchained
91%
Dune
91%
Raiders of the Lost Ark (Indiana Jones)
91%
Life Of Pi
89%
Titanic
89%
Back to the Future
88%
Fight Club
88%
The Hunger Games
88%
The Matrix
88%
Harry Potter
86%
It
86%
Mamma Mia!
86%
The Incredibles
86%
The Shawshank Redemption
86%
Bridget Jones's Diary
85%
Driving Miss Daisy
83%
Finding Nemo
83%
Grease
83%
Ocean's Eleven
83%
The Avengers
82%
Top Gun
82%
American Beauty
80%
Charlie And The Chocolate Factory
80%
Ghost
80%
Love Actually
80%
Pride and Prejudice
80%
Psycho
80%
The Princess Diaries
80%
Mission: Impossible
78%
Rocky
78%
Schindler's List
78%
Inside Out
75%
Night At The Museum
75%
Snow White and the Seven Dwarfs
75%
The Green Mile
75%
The Pianist
75%
The Ten Commandments
75%
Annabelle
73%
Jerry Maguire
71%
No Country For Old Men
71%
The Hangover
71%
Braveheart
70%
Once Upon A Time In Hollywood
70%
Clueless
67%
Goodfellas
67%
Groundhog Day
67%
Mr. & Mrs. Smith
67%
The Truman Show
67%
When Harry Met Sally
67%
Whiplash
67%
Gone with the Wind
64%
The Sixth Sense
64%
Good Will Hunting
63%
Notting Hill
63%
Se7en
62%
Four Weddings And A Funeral
60%
Little Miss Sunshine
60%
Million Dollar Baby
60%
Star Wars
60%
Life Is Beautiful
58%
1917
57%
Moulin Rouge!
57%
Reservoir Dogs
57%
Transformers
57%
Jumanji
56%
The Curious Case Of Benjamin Button
56%
The Sound of Music
56%
Ben-Hur
55%
The Good, The Bad And The Ugly
55%
Chicago
50%
Hidden Figures
50%
Les Misérables
50%
Pay It Forward
50%
Pretty Woman
50%
There's Something About Mary
50%
Shakespeare In Love
45%
Billy Elliot
43%
Casablanca
43%
Casino Royale
43%
The Maze Runner
43%
Gorillas In The Mist
38%
Letters From Iwo Jima
38%
Mary Poppins
38%
The Departed
38%
Lost In Translation
36%
It's a Wonderful Life
33%
The English Patient
27%
Citizen Kane
25%
Babel
22%
Out Of Africa
18%
Slumdog Millionaire
14%
How To Lose A Guy In Ten Days
11%
The Parent Trap
0%
The Pursuit Of Happiness
0%
No matching quizzes found
Score Distribution
Percent of People with Each Score
Percentile by Number Answered
Your Score History
You have not taken this quiz